Antoni Varés, del cartell al cinema : 1928-1966 / catalogació de l'obra i documentació, Albina Varés i de Batlle ; fotografies, Josep M. Oliveras 1928-1966 / catalogació de l'obra i documentació, Albina Varés i de Batlle ; fotografies, Josep M. Oliveras
Descripción Física:
95 p. : principalment il., negre i col. ; 30 cm
Materias:
Varés, Antoni -- Exposicions
MARC
| LEADER | 00000nam a2200000Ia 4500 | ||
|---|---|---|---|
| 001 | 11013 | ||
| 008 | 160829s9999 xx 000 0 cat d | ||
| 080 | |a B-1-52 | ||
| 100 | |a Varés i de Batlle, Albina |9 21201 | ||
| 245 | |a Antoni Varés, del cartell al cinema : |b 1928-1966 / catalogació de l'obra i documentació, Albina Varés i de Batlle ; fotografies, Josep M. Oliveras | ||
| 260 | |a Girona : |b Ajuntament. Museu d'Història de la Ciutat, DL 1994 | ||
| 300 | |a 95 p. : |b principalment il., negre i col. ; |c 30 cm | ||
| 650 | |a Varés, Antoni |x Exposicions |9 21202 | ||
| 700 | |a Oliveras, Josep Maria, fot. |9 21203 | ||
| 700 | |a Museu d'Història de la Ciutat (Girona) |9 21204 | ||
| 710 | 1 | |a Girona (Catalunya). |b Ajuntament |9 54942 | |
| 901 | |a Arxiu | ||
| 942 | |n 1 | ||
| 952 | |0 0 |1 0 |4 0 |6 B152 |7 1 |9 41824 |a Arxiu |b Arxiu |d 2016-12-01 |l 0 |o B-1-52 |p 11013 |r 2016-12-01 00:00:00 |w 2016-12-01 |y ARXIU | ||
| 999 | |c 43748 |d 43748 | ||